Представление документа в формате MARC21

Поле Инд. ПП Название Значение
Тип записи a
Библиографический уровень m
001 Контрольный номер 82d7073d-41bd-4ab0-87e0-801355105326
005 Дата корректировки 20141114154814.1
008 Кодируемые данные 080211
020 c Цена, тираж 210.00
040 a Служба первич. каталог. НБ ТвГУ
041 a Код языка текста rus
080 a Индекс УДК 91(4)
084 a Индекс другой классификации/Индекс ББК Д9(0)
a Индекс другой классификации/Индекс ББК Д9(45)
090 a Полочн. индекс 91
x Авторский знак С83
245 10 a Заглавие Страны и народы
b Продолж. заглавия науч.-попул. геогр.-этногр изд. : в 20 т.
c Ответственность гл. редкол.: Ю. В. Бромлей (пред.) и др.
n Номер части/ раздела [Т. 2]
p Название части/ раздела Зарубежная Европа. Восточная Европа
260 0_ a Место издания Москва
b Издательство Мысль
c Дата издания 1980
300 a Объем 348, [3] с.
b Иллюстрации/ тип воспроизводства ил., цв. ил.
500 a Примечание Авт. указаны в вып. дан.
583 a Действие Приписка 23 11.02.2008
k Исполнитель действия Взамен утраченных
650 a Основная рубрика Восточная Европа
x Основная подрубрика География
650 a Основная рубрика Народы Восточной Европы
x Основная подрубрика Этнология
653 a Ключевые слова География Восточной Европы
a Ключевые слова География Европы
a Ключевые слова Народы Восточной Европы
a Ключевые слова Этнология
700 1_ a Другие авторы Максаковский Владимир Павлович
e Роль лиц авт., ред.
700 1_ a Другие авторы Иванова Ю. В.
e Роль лиц авт.
700 1_ a Другие авторы Ганцкая О. А.
e Роль лиц авт.
700 1_ a Другие авторы Хенш Ф.
e Роль лиц авт.
700 1_ a Другие авторы Бромлей Ю. В.
e Роль лиц гл. ред.
700 1_ a Другие авторы Филимонова Т. Д.
e Роль лиц авт.
852 t Порядковый номер экземпляра 1
p Инвентарный номер 471757
852 t Порядковый номер экземпляра 1
p Инвентарный номер 902595
852 t Порядковый номер экземпляра 1
p Инвентарный номер 471758
863 t 00211074
888 a Бесплатные
952 p 23.2008 210.00 1 902595
c Вид литературы К рн
954 a Дата поступления на обработку 20080214
999 a Подразделение 2 кх.
a Подразделение 2 Фил4
a Подразделение 2 ч.з.